Logo BPK

Biblioteka

Politechniki Koszalińskiej

Belastungsglieder / (Rekord nr 12209)

Szczegóły MARC
000 -ETYKIETA REKORDU
podpole kontrolne o stałej długości 00351nam a2200157 i 4500
001 - NUMER KONTROLNY REKORDU
pole kontrolne bg
040 ## - ŹRÓDŁO KATALOGOWANIA
Instytucja, która utworzyła rekord BPK
041 ## - KOD JĘZYKA
Kod języka tekstu pol
008 - POLE O STAŁEJ DŁUGOŚCI - DANE KONTROLNE
podpole kontrolne o stałej długości s pl f |000 0 pol
100 1# - NAZWA OSOBOWA
Nazwa osobowa KLEINFOGEL,
245 #0 - TYTUŁ/ODPOWIEDZIALNOŚĆ
Tytuł Belastungsglieder /
Pozostałe elementy strefy tytułu i oznaczenia odpowiedzialności Kleinfogel, Haselbach.
250 ## - STREFA WYDANIA
Oznaczenie wydania Wyd.9.
260 ## - STREFA ADRESU WYDAWNICZEGO
Miejsce wydania Berlin,
Data publikacji, dystrybucji/powstania dokumentu 1966.
700 1# - HASŁO DODATKOWE - NAZWA OSOBOWA
Nazwa osobowa HASELBACH,
856 ## - LOKALIZACJA I DOSTĘP DO ELEKTRONICZNYCH DOKUMENTÓW ZDALNYCH
Link (URL) http://koha.tu.koszalin.pl/cgi-bin/koha/opac-detail.pl?biblionumber=12209
Tekst linku Katalog online BPK
942 ## - DODATKOWE ELEMENTY (KOHA)
Typ dokumentu Książka
Egzemplarze
Wycofany Status egzemplarza Uszkodzony Dostępność Lokalizacja stała Lokalizacja bieżąca Miejsce przechowywania Sygnatura Kod kreskowy Typ dokumentu
      Dostępny Biblioteka Politechniki Koszalińskiej Biblioteka Politechniki Koszalińskiej Wypożyczalnia BG 6341 02206943 Książka
© 2023 Biblioteka Politechniki Koszalińskiej :: KOHA